| 000 | 00654nam a2200217Ia 4500 | ||
|---|---|---|---|
| 001 | b4898-32101 | ||
| 003 | IT-MiCISF | ||
| 005 | 20230307150630.0 | ||
| 008 | 161014s9999||||xx |||||||||||||| ||und|| | ||
| 040 |
_aIT-MiCISF _cIT-MiCISF |
||
| 041 | _ait | ||
| 100 |
_aDagnino Arianna _959640 |
||
| 245 | 0 |
_aUoma. _bLa fine dei sessi |
|
| 260 |
_a Milano, _bMursia, _c2000 |
||
| 300 | _app. 269 | ||
| 500 | _a / società, procreazione-artificiale, clonazione, persona, donna, nuovi-media, identità-maschile, identità-femminile, maternità, sessualità / | ||
| 650 |
_a società _e003 _956109 |
||
| 654 | _asaggio | ||
| 942 |
_cBK _2ddc |
||
| 999 |
_c212312 _d212312 |
||
| 999 | _bsi | ||